00482nam a22001577a 450000500170000001000150001702000300003203500140006203700090007608200140008510000180009924500630011726000370018027000800021730000270029720220104120055.0 aENG-130895 a978-93-90961-08-5c695.00 aEN-114427 bDBAD a307.10954 aSingh, Sahana aRevisiting The Educational Heritage Of IndiacSAHANA SINGH aNew DelhibRenu Kaul Vermac2022 bNew Delhie110002a2/15, Ansari Road, Daryaganjminfo@vitastapublishing.com axxiii, 282pc22cm(hbk)